10 global consumer trends for the next five years.
| Format: | Book |
|---|---|
| Published: |
London:
Euromonitor International,
2013.
|
| Subjects: |
| LEADER | 00418cam a2200133 7i4500 | ||
|---|---|---|---|
| 001 | 0000030136 | ||
| 005 | 20160114090000.0 | ||
| 090 | 0 | 0 | |a I 658.8342 |b TEN |
| 245 | 0 | 0 | |a 10 global consumer trends for the next five years. |
| 260 | 0 | 0 | |a London: |b Euromonitor International, |c 2013. |
| 300 | # | # | |a 96 pages. |
| 650 | 0 | 0 | |a Consumer behavior |
| 650 | 0 | 0 | |a Consumer -- |x Attitudes |
| 999 | |a B000032797 |b Book |c International |e Business Information Centre | ||